<?xml version="1.0" encoding="UTF-8"?>
<record
    xmlns:xsi="http://www.w3.org/2001/XMLSchema-instance"
    xsi:schemaLocation="http://www.loc.gov/MARC21/slim http://www.loc.gov/standards/marcxml/schema/MARC21slim.xsd"
    xmlns="http://www.loc.gov/MARC21/slim">

  <leader>04333 am a2200805 a 4500</leader>
  <controlfield tag="005">20240430095058.0</controlfield>
  <controlfield tag="008">100310s2009||||sp a   f |||| 001 0 spa d</controlfield>
  <datafield tag="020" ind1=" " ind2=" ">
    <subfield code="a">9788498354577</subfield>
  </datafield>
  <datafield tag="041" ind1=" " ind2=" ">
    <subfield code="a">spa</subfield>
  </datafield>
  <datafield tag="092" ind1=" " ind2=" ">
    <subfield code="c">618.178</subfield>
    <subfield code="l">51</subfield>
    <subfield code="s">MAN</subfield>
  </datafield>
  <datafield tag="245" ind1=" " ind2=" ">
    <subfield code="a">Manual pr&#xE1;ctico de esterilidad y reproducci&#xF3;n humana.</subfield>
    <subfield code="b">Laboratorio de reproducci&#xF3;n asistida /</subfield>
    <subfield code="c">Jos&#xE9; Alejandro Remoh&#xED; Gim&#xE9;nez</subfield>
  </datafield>
  <datafield tag="250" ind1=" " ind2=" ">
    <subfield code="a">4a ed.</subfield>
  </datafield>
  <datafield tag="260" ind1=" " ind2=" ">
    <subfield code="a">Madrid: </subfield>
    <subfield code="b">Editorial M&#xE9;dica Panamericana;</subfield>
    <subfield code="c">2012.</subfield>
  </datafield>
  <datafield tag="300" ind1=" " ind2=" ">
    <subfield code="a">458 p.</subfield>
    <subfield code="b">il.</subfield>
    <subfield code="c">24 cm</subfield>
  </datafield>
  <datafield tag="500" ind1=" " ind2=" ">
    <subfield code="a">Remoh&#xED; Gim&#xE9;nez, J. A. et al. (2012). Manual pr&#xE1;ctico de esterilidad y reproducci&#xF3;n humana. Laboratorio de reproducci&#xF3;n asistida. (4a ed.). Madrid : Editorial M&#xE9;dica Panamericana.</subfield>
  </datafield>
  <datafield tag="653" ind1=" " ind2=" ">
    <subfield code="a">Examen del semen fresco</subfield>
  </datafield>
  <datafield tag="653" ind1=" " ind2=" ">
    <subfield code="a">Morfolog&#xED;a esperm&#xE1;tica</subfield>
  </datafield>
  <datafield tag="653" ind1=" " ind2=" ">
    <subfield code="a">Capacitaci&#xF3;n esperm&#xE1;tica</subfield>
  </datafield>
  <datafield tag="653" ind1=" " ind2=" ">
    <subfield code="a">Congelaci&#xF3;n de semen en p&#xED;ldoras</subfield>
  </datafield>
  <datafield tag="653" ind1=" " ind2=" ">
    <subfield code="a">Congelaci&#xF3;n de espermatozoides epidimarios y testiculares</subfield>
  </datafield>
  <datafield tag="653" ind1=" " ind2=" ">
    <subfield code="a">Banco de semen de muestras propias</subfield>
  </datafield>
  <datafield tag="653" ind1=" " ind2=" ">
    <subfield code="a">Banco de semen de donantes</subfield>
  </datafield>
  <datafield tag="653" ind1=" " ind2=" ">
    <subfield code="a">Tratamiento de muestras de semen infecciosas</subfield>
  </datafield>
  <datafield tag="653" ind1=" " ind2=" ">
    <subfield code="a">Hibridaci&#xF3;n in situ fluorescente de espermatozoides</subfield>
  </datafield>
  <datafield tag="653" ind1=" " ind2=" ">
    <subfield code="a">Fragmentacion de &#xE1;cido desoxirribonucleico en el espermatozoide</subfield>
  </datafield>
  <datafield tag="653" ind1=" " ind2=" ">
    <subfield code="a">Control de calidad  en el laboratorio de embriologia cl&#xED;nica</subfield>
  </datafield>
  <datafield tag="653" ind1=" " ind2=" ">
    <subfield code="a">Pruebas biol&#xF3;gicas de control de calidad en el laboratorio de embriolog&#xED;a</subfield>
  </datafield>
  <datafield tag="653" ind1=" " ind2=" ">
    <subfield code="a">Punci&#xF3;n folicular</subfield>
  </datafield>
  <datafield tag="653" ind1=" " ind2=" ">
    <subfield code="a">Clasificaci&#xF3;n del complejo corona-c&#xFA;mulo-ovocito.</subfield>
  </datafield>
  <datafield tag="653" ind1=" " ind2=" ">
    <subfield code="a">Morfolog&#xED;a ovocitaria y su distribuci&#xF3;n en pacientes sometidas a estimulaci&#xF3;n ovarica</subfield>
  </datafield>
  <datafield tag="653" ind1=" " ind2=" ">
    <subfield code="a">Inseminaci&#xF3;n de los ovocitos</subfield>
  </datafield>
  <datafield tag="653" ind1=" " ind2=" ">
    <subfield code="a">Procesado de muestras de semen patol&#xF3;gicas</subfield>
  </datafield>
  <datafield tag="653" ind1=" " ind2=" ">
    <subfield code="a">Preparaci&#xF3;n de los ovocitos para la microinyecci&#xF3;n esperm&#xE1;tica </subfield>
  </datafield>
  <datafield tag="653" ind1=" " ind2=" ">
    <subfield code="a">An&#xE1;lisis no invasivo del huso mei&#xF3;tico</subfield>
  </datafield>
  <datafield tag="653" ind1=" " ind2=" ">
    <subfield code="a">Microinyecci&#xF3;n intracitoplasm&#xE1;tica de espermatozoides</subfield>
  </datafield>
  <datafield tag="653" ind1=" " ind2=" ">
    <subfield code="a">Estudio molecular y selecci&#xF3;n de espermatozoides por citometr&#xED;a de flujo </subfield>
  </datafield>
  <datafield tag="653" ind1=" " ind2=" ">
    <subfield code="a">Microinyecci&#xF3;n intracitoplasm&#xE1;tica de espermatozoides seleccionados morfol&#xF3;gicamente</subfield>
  </datafield>
  <datafield tag="653" ind1=" " ind2=" ">
    <subfield code="a">Seleccion de espermatozoides : selecci&#xF3;n celular inmunomagn&#xE9;tica</subfield>
  </datafield>
  <datafield tag="653" ind1=" " ind2=" ">
    <subfield code="a">Valoracion de la fecundaci&#xF3;n</subfield>
  </datafield>
  <datafield tag="653" ind1=" " ind2=" ">
    <subfield code="a">Fallo de la fecundaci&#xF3;n total</subfield>
  </datafield>
  <datafield tag="653" ind1=" " ind2=" ">
    <subfield code="a">Criterios de selecci&#xF3;n embrionaria</subfield>
  </datafield>
  <datafield tag="653" ind1=" " ind2=" ">
    <subfield code="a">Valoraci&#xF3;n morfologica del blastocito</subfield>
  </datafield>
  <datafield tag="653" ind1=" " ind2=" ">
    <subfield code="a">An&#xE1;lisis no invasivo de la calidad embrionaria metabol&#xF3;mica</subfield>
  </datafield>
  <datafield tag="653" ind1=" " ind2=" ">
    <subfield code="a">Cultivo prolongado del embri&#xF3;n hasta blastocito: cultivo secuencial y medio &#xFA;nico</subfield>
  </datafield>
  <datafield tag="653" ind1=" " ind2=" ">
    <subfield code="a">Cultivo del embri&#xF3;n hasta blastocito: cocultivo</subfield>
  </datafield>
  <datafield tag="653" ind1=" " ind2=" ">
    <subfield code="a">Nuevas alternativas de cultivo embrionario (hipoxia)</subfield>
  </datafield>
  <datafield tag="653" ind1=" " ind2=" ">
    <subfield code="a">Nuevas alternativas de valoraci&#xF3;n embrionaria:an&#xE1;lisis por time lapse mediante EmbryoScope</subfield>
  </datafield>
  <datafield tag="653" ind1=" " ind2=" ">
    <subfield code="a">Nuevas alternativas de cultivo embrionario: an&#xE1;lisis por respirometr&#xED;a mediante EmbryoScope C</subfield>
  </datafield>
  <datafield tag="653" ind1=" " ind2=" ">
    <subfield code="a">Transferencia de embriones</subfield>
  </datafield>
  <datafield tag="653" ind1=" " ind2=" ">
    <subfield code="a">Vitrificaci&#xF3;n de ovocitos con el m&#xE9;todo de Cryotop</subfield>
  </datafield>
  <datafield tag="653" ind1=" " ind2=" ">
    <subfield code="a">Vitrificaci&#xF3;n de embriones de d&#xED;a 2,d&#xED;a 3 y blastocitos con el m&#xE9;todo Cryotop</subfield>
  </datafield>
  <datafield tag="653" ind1=" " ind2=" ">
    <subfield code="a">Vitrificaci&#xF3;n de blast&#xF3;meros humanos aislados</subfield>
  </datafield>
  <datafield tag="653" ind1=" " ind2=" ">
    <subfield code="a">Assisted hatching y aspiraci&#xF3;n de fragmentos</subfield>
  </datafield>
  <datafield tag="653" ind1=" " ind2=" ">
    <subfield code="a">Biopsia embrionaria</subfield>
  </datafield>
  <datafield tag="653" ind1=" " ind2=" ">
    <subfield code="a">Fijacion de blastomeros</subfield>
  </datafield>
  <datafield tag="653" ind1=" " ind2=" ">
    <subfield code="a">Diagn&#xF3;stico gen&#xE9;tico preimplantacional de anomal&#xED;as cromos&#xF3;micas: hibridaci&#xF3;n in situ fluorescente</subfield>
  </datafield>
  <datafield tag="653" ind1=" " ind2=" ">
    <subfield code="a">Diagn&#xF3;stico gen&#xE9;tico preimplantacional con reacci&#xF3;n en cadena de la polimerasa:lisis celular</subfield>
  </datafield>
  <datafield tag="653" ind1=" " ind2=" ">
    <subfield code="a">T&#xE9;cnicas de diagn&#xF3;stico preimplantacional para detecci&#xF3;n de aneuploid&#xED;as :arrays de hibridaci&#xF3;n gen&#xF3;mica comparada</subfield>
  </datafield>
  <datafield tag="653" ind1=" " ind2=" ">
    <subfield code="a">Seguridad en la gesti&#xF3;n del banco de gametos y embriones </subfield>
  </datafield>
  <datafield tag="653" ind1=" " ind2=" ">
    <subfield code="a">Seguridad en el laboratorio de embriolog&#xED;a cl&#xED;nica</subfield>
  </datafield>
  <datafield tag="653" ind1=" " ind2=" ">
    <subfield code="a">Dise&#xF1;o del laboratorio de embriolog&#xED;a cl&#xED;nica</subfield>
  </datafield>
  <datafield tag="653" ind1=" " ind2=" ">
    <subfield code="a">Maduraci&#xF3;n in vitro de ovocitos</subfield>
  </datafield>
  <datafield tag="653" ind1=" " ind2=" ">
    <subfield code="a">Congelaci&#xF3;n y descongelaci&#xF3;n de la corteza ov&#xE1;rica</subfield>
  </datafield>
  <datafield tag="700" ind1="1" ind2=" ">
    <subfield code="a">Remoh&#xED; Gim&#xE9;nez, Jos&#xE9; Alejandro</subfield>
    <subfield code="9">2867</subfield>
  </datafield>
  <datafield tag="700" ind1="1" ind2=" ">
    <subfield code="a">Cobo Cabal, Ana Cristina</subfield>
    <subfield code="9">2868</subfield>
  </datafield>
  <datafield tag="700" ind1="1" ind2=" ">
    <subfield code="a">Prados Dodd, Nicol&#xE1;s</subfield>
    <subfield code="9">2869</subfield>
  </datafield>
  <datafield tag="700" ind1="1" ind2=" ">
    <subfield code="a">Romero Carbonell, Josep Luis</subfield>
    <subfield code="9">2870</subfield>
  </datafield>
  <datafield tag="700" ind1="1" ind2=" ">
    <subfield code="a">Pellicer Mart&#xED;nez, Antonio</subfield>
    <subfield code="9">2871</subfield>
  </datafield>
  <datafield tag="942" ind1=" " ind2=" ">
    <subfield code="2">ddc</subfield>
    <subfield code="c">BK</subfield>
  </datafield>
  <datafield tag="999" ind1=" " ind2=" ">
    <subfield code="c">2071</subfield>
    <subfield code="d">2071</subfield>
  </datafield>
  <datafield tag="952" ind1=" " ind2=" ">
    <subfield code="0">0</subfield>
    <subfield code="1">0</subfield>
    <subfield code="2">ddc</subfield>
    <subfield code="4">0</subfield>
    <subfield code="7">0</subfield>
    <subfield code="8">REF</subfield>
    <subfield code="a">BFM</subfield>
    <subfield code="b">BFM</subfield>
    <subfield code="c">REF</subfield>
    <subfield code="d">2014-02-05</subfield>
    <subfield code="e">PROMED 3er  A&#xD1;O</subfield>
    <subfield code="g">445.00</subfield>
    <subfield code="l">1</subfield>
    <subfield code="o">618.178 51 MAN</subfield>
    <subfield code="p">3218</subfield>
    <subfield code="r">2017-05-18</subfield>
    <subfield code="s">2017-05-18</subfield>
    <subfield code="t">Ej. 1</subfield>
    <subfield code="w">2014-02-05</subfield>
    <subfield code="y">REF</subfield>
    <subfield code="z">LIBRO DE CONSULTA  -  COMPRA  PROMED DIC. 2013</subfield>
  </datafield>
  <datafield tag="952" ind1=" " ind2=" ">
    <subfield code="0">0</subfield>
    <subfield code="1">0</subfield>
    <subfield code="2">ddc</subfield>
    <subfield code="4">0</subfield>
    <subfield code="7">0</subfield>
    <subfield code="a">BFM</subfield>
    <subfield code="b">BFM</subfield>
    <subfield code="c">CR</subfield>
    <subfield code="d">2014-02-05</subfield>
    <subfield code="e">PROMED 3er  A&#xD1;O</subfield>
    <subfield code="g">445.00</subfield>
    <subfield code="l">4</subfield>
    <subfield code="o">618.178 51 MAN</subfield>
    <subfield code="p">3219</subfield>
    <subfield code="r">2018-05-23</subfield>
    <subfield code="s">2018-05-22</subfield>
    <subfield code="t">Ej. 2</subfield>
    <subfield code="w">2014-02-05</subfield>
    <subfield code="y">BK</subfield>
    <subfield code="z">COMPRA  PROMED DIC. 2013</subfield>
  </datafield>
  <datafield tag="952" ind1=" " ind2=" ">
    <subfield code="0">0</subfield>
    <subfield code="1">0</subfield>
    <subfield code="2">ddc</subfield>
    <subfield code="4">0</subfield>
    <subfield code="7">0</subfield>
    <subfield code="a">BFM</subfield>
    <subfield code="b">BFM</subfield>
    <subfield code="c">CR</subfield>
    <subfield code="d">2014-02-05</subfield>
    <subfield code="e">PROMED 3er  A&#xD1;O</subfield>
    <subfield code="g">445.00</subfield>
    <subfield code="l">2</subfield>
    <subfield code="o">618.178 51 MAN</subfield>
    <subfield code="p">3220</subfield>
    <subfield code="r">2017-10-25</subfield>
    <subfield code="s">2017-10-23</subfield>
    <subfield code="t">Ej. 3</subfield>
    <subfield code="w">2014-02-05</subfield>
    <subfield code="y">BK</subfield>
    <subfield code="z">COMPRA  PROMED DIC. 2013</subfield>
  </datafield>
</record>
